000 01561nam a22004091a 4500
003 CHAP
005 20220329143356.0
008 190128s2008 mx a r 00010 spa d
010 _a95714
011 _a96686
035 _a107342
040 _cCHAP
090 _aTesis
100 1 _aSilva Ruiz, Miriam
_9106046
245 1 0 _aAnálisis de parámetros de rendimiento de pepinillo (Cucumis sativus var. Muhasa) en cultivo por subirrigación y riego por goteo
_c/por Miriam Silva Ruiz
260 _aChapingo, Méx. :
_bEl autor,
_c2008
300 _aiii, 85 h. :
_bilus., cuadros, gráfs.
502 _aTesis (Ing. Agr. Esp. en Suelos) -- UACH. Departamento de Suelos
530 _aTambién disponible en línea
590 _aALEPH
_b10
_c20130110
_lUCH01
_h1526
590 _aBATCH-UPD
_b10
_c20130110
_lUCH01
_h0620
590 _aBATCH-UPD
_b10
_c20130410
_lUCH01
_h0303
590 _aBATCH-UPD
_b10
_c20130914
_lUCH01
_h1131
590 _aBATCH-UPD
_b10
_c20140324
_lUCH01
_h1508
590 _aBATCH-UPD
_b10
_c20141002
_lUCH01
_h0838
590 _aCONVERSION
_b10
_c20130109
_lUCH01
_h1353
650 1 4 _aCultivos en invernadero.
_930376
650 1 4 _aFertirrigación.
_940652
650 1 4 _aHidroponía.
_955280
650 1 4 _aPepinillos.
_986894
650 1 4 _aRiego por goteo.
_997380
856 _3Finding aid
_uhttp://10.13.5.2/tesis/107342.pdf
_zTeclea aqui
901 _aBK
942 _cTESIS
949 _aTesis
_bBC
_cTES
_d33724002081983
_eTS1
_gDonaciØn
_h48575
_i107342
_sb
949 _aTesis
_bBC
_cTES
_d33724002082025
_eTS1
_fc.2
_gDonaciØn
_h48576
_i107342
_sb
999 _c95714
_d95714